1703 1655 1480 1396 1655 1513 1822 1717 1907 1833 1265 1434 1179 1468 1710 1006 1495 1765 1640 1421 1848 1285 1575 1182 1791 1810 1701 1816 1458 1109 1855 1581 1776 1324 1507 1711 1680 1024 1998 1735 1222 1845 1789 1803 1945 1414 1026 1147 1342 1218 1218 1203 1925 1151 1435 1710 1432 1580 1214 1467 1295 1958 1877 1124 1577 1067 1272 1693 1499 1119 1731 1592 1384 1383 1556 1758 1732 1173 1820 1828 1641 1191 1166 1110 1728 1600 1059 1622 1365 1042 1856 1772 1514 1196 1243 1730 1920 1797 1805 BCNSPRNW ULIB Ver.6.0+V

เปลี่ยนเป็นภาษาไทย

Change to English
 แสดงรายละเอียดบรรณานุกรม
  กลับหน้าหลัก

Brief Record : Get Marc (ISO 2709) : E-mail record : QR code < ปิดหน้าต่าง
LEADER : 00000nam 2200000uu 4500
001    13399110234
003     ULIB
008    110405s2548||||th 000 0 tha d
020    9745063495
060  4 WB460^bศ244ว 2548
100 0  วรุณวรรณ ผาโคตร
245 00 ศัพท์อนามัยและครอบครัวและจิตเวชปฏิบัติ บุลากรสาธารณสุข แพทย์และพยาบาล=^bVocabulary in sport science and physical therapy /^c[บรรณาธิการ] วรุณวรรณ ผาโคตร, สิรินาถ นุชนาถ, ธาดา วิมลวัตรเวที
250    พิมพ์ครั้งที่ 1
260    กรุงเทพฯ ^bเค.เอส.พี.การพิมพ์,^c2548
300    436 หน้า :^bภาพประกอบ
500    ชื่อเรื่องจากปกนอก
650  7 อนามัยและครอบครัว^xคำศัพท์
650  7 จิตเวชปฏิบัติ^xคำศัพท์
700 0  สิรินาถ นุชนาถ,^eบรรณาธิการ
700 0  ธาดา วิมลวัตรเวที^eบรรณาธิการ
945    ^p199^l0^i018995
995    ทศพร
999 ^a ใช้งานได้ทุกระบบ
รายการนี้ยังไม่มีแท็ก
คุณยังไม่ได้ล็อกอิน คุณสามารถมีกิจกรรมร่วมกับเว็บไซต์ได้ แต่ต้องล็อกอินก่อน ::
  ล็อกอิน

รายการสื่อสารสนเทศ

ลำดับที่ ประเภท เลขเรียก/บาร์โค้ด สถานที่ สถานะ
1. วิทยาศาสตร์การแพทย์ และสุขภาพ
วิทยาศาสตร์การแพทย์ และสุขภาพ
สถานะ=หนังสือเก่า
WB460 ศ244ว 2548 ฉ.2 
  Barcode: 018995
ห้องสมุดวิทยาเขตสวรรค์ประชารักษ์
►ส่วนจัดเก็บหนังสือเก่า สปร
บนชั้น
  ขอยืม

รายการใกล้เคียง
    ผู้แต่ง [วรุณวรรณ ผาโคตร]

BibComment


ยังไม่เคยถูกคอมเมนท์

คอมเมนท์ทรัพยากรรายการนี้
  คอมเมนท์: ศัพท์อนามัยและครอ..


 Copyright 2026. Bcnsprnw @Library